Statistiques concernant Pays d'Europe en 1815 (avec une carte!)

Cliquez ici pour prendre le quiz!

Statistiques générales

  • Ce quiz a été pris 6 670 fois
  • Le résultat moyen est 28 sur 68

Réponses sur la Carte

Les réponses sont colorées sur une échelle allant du rouge au vert en fonction du pourcentage des utilisateurs qui les ont devinées à leur premier essai. Vous pouvez retrouver ces pourcentages ci-dessous.
 

Statistiques - réponses

FormePays% Correct
RoyaumeFrance
99%
EmpireEspagne
98%
EmpireRussie
98%
RoyaumePortugal
97%
RoyaumeSuède
96%
Royaume uni
Grande-Bretagne
et Irlande
95%
RoyaumeNorvège
95%
RoyaumeDanemark
93%
Royaume uni
Pays-Bas
89%
ConfédérationSuisse
89%
PrincipautéAndorre
88%
EmpireAutriche
88%
EmpireOttoman
88%
PrincipautéMonaco
80%
RoyaumePiémont-Sardaigne
80%
RoyaumePrusse
77%
RoyaumeSicile
75%
RoyaumeBavière
65%
Grand-duchéLuxembourg
59%
RoyameNaples
59%
Ville libre
Hambourg
52%
RépubliqueSaint-Marin
48%
Grand-duchéSaxe-Weimar-Eisenach
47%
RoyaumeSaxe
46%
DuchéSaxe-Cobourg-Saalfeld
46%
DuchéSaxe-Gotha-Altenbourg
46%
DuchéSaxe-Hildburghausen
46%
DuchéSaxe-Lauenbourg
46%
DuchéSaxe-Meiningen
46%
État ecclésiastique
Monténégro
45%
PrincipautéLiechtenstein
43%
Grand-duchéToscane
43%
État ecclésiastique
États pontificaux
41%
Ville libre
Brême
34%
Ville libre
Francfort
32%
RoyaumeHanovre
30%
Grand-duché
Bade
28%
RoyaumeWurtemberg
23%
ÉlectoratHesse-Cassel
21%
Grand-duchéHesse-Darmstadt
21%
DuchéHolstein
21%
LandgraviatHesse-Hombourg
20%
Ville libre
Cracovie
18%
DuchéParme et Plaisance
18%
Ville libre
Lübeck
17%
Grand-duchéMecklembourg-Schwerin
14%
Grand-duchéMecklembourg-Strelitz
13%
DuchéModène et Reggio
13%
DuchéAnhalt-Bernbourg
12%
DuchéAnhalt-Dessau
12%
DuchéAnhalt-Köthen
12%
DuchéBrunswick
11%
DuchéLucques
11%
Grand-duchéOldenbourg
11%
DuchéNassau
8%
PrincipautéHohenzollern-Hechingen
6%
PrincipautéHohenzollern-Sigmaringen
6%
PrincipautéLippe
6%
PrincipautéSchaumbourg-Lippe
6%
DuchéMassa et Carrare
5%
PrincipautéReuss-Gera
5%
PrincipautéReuss-Greiz
5%
Micro-ÉtatCouto Mixto
4%
PrincipautéSchwarzbourg-Rudolstadt
4%
PrincipautéSchwarzbourg-Sondershausen
4%
PrincipautéWaldeck-Pyrmont
4%
RépubliqueCospaia
3%
PrincipautéLichtenberg
3%

Distribution des résultats

Percentile par nombre de réponses

% des personnes avec chaque résultat

Votre développement - résultats

Vous n’avez pas pris ce quiz